Catálogo
 En Linea

A Historia no Eixo Atlántico =A História no Eixo Atlântico / (Registro nro. 41844)

Detalles MARC
000 -CABECERA
campo de control de longitud fija 00874nam a2200205 a 4500
001 - NÚMERO DE CONTROL
campo de control 000042355
005 - FECHA Y HORA DE LA ÚLTIMA TRANSACCIÓN
campo de control 20201002040112.0
008 - DATOS DE LONGITUD FIJA--INFORMACIÓN GENERAL
campo de control de longitud fija 131127s1999 sp ab 000 0 spa d
040 ## - FUENTE DE LA CATALOGACIÓN
Centro catalogador/agencia de origen DO-SdBNP
Lengua de catalogación spa
Centro/agencia transcriptor BNPHU
082 ## - NÚMERO DE LA CLASIFICACIÓN DECIMAL DEWEY
Número de clasificación xxxx
Número de documento/Ítem xxxx
245 00 - MENCIÓN DE TÍTULO
Título A Historia no Eixo Atlántico =A História no Eixo Atlântico /
Mención de responsabilidad, etc. L. Xulio Carballo Arceo... [et. al.] ; coordinación /coordenação Xosé Manuel Souto González.
246 1# - FORMA VARIANTE DE TÍTULO
Título propio/Titulo breve A História no Eixo Atlântico
260 ## - PUBLICACIÓN, DISTRIBUCIÓN, ETC.
Lugar de publicación, distribución, etc. Vigo, España :
Nombre del editor, distribuidor, etc. Eixo Atlántico do Noroeste Peninsular,
Fecha de publicación, distribución, etc. 1999.
300 ## - DESCRIPCIÓN FÍSICA
Extensión 272 p. :
Otras características físicas il., mapas ;
Dimensiones 21 cm.
500 ## - NOTA GENERAL
Nota general Incluye referencias bibliográficas y notas al pie de las páginas.
504 ## - NOTA DE BIBLIOGRAFÍA, ETC.
Nota de bibliografía, etc. Incluye bibliografía al final de cada capítulo
590 ## - NOTA LOCAL (RLIN)
Nota local Inventariado, 2019/BT
700 12 - PUNTO DE ACCESO ADICIONAL--NOMBRE DE PERSONA
Nombre de persona Souto González, Xosé Manuel,
Término indicativo de función/relación coor.
9 (RLIN) 69427
700 12 - PUNTO DE ACCESO ADICIONAL--NOMBRE DE PERSONA
Nombre de persona Carballo Arceo, Luis Xulio
9 (RLIN) 69428
Existencias
Estado de retiro Estado de pérdida Restricciones de uso No para préstamo Código de colección Localización permanente Ubicación/localización actual Ubicación en estantería Fecha de adquisición Número de inventario Total de préstamos Signatura topográfica completa Código de barras Fecha visto por última vez Precio válido a partir de Tipo de ítem Koha
      Excluido de préstamo Monografías: Libros y Folletos General General Depósito 27.11.2013 LF1   xxxx xxxx 42355-10 25.06.2020 25.06.2020 No se presta

Con tecnología Koha